000 00926nam a2200289 i 4500
001 38176
003 CO-BoRNBP
005 20250813162816.0
007 ta
008 240526s2020 ck a|||| |||| 00| 0 spa d
020 _a9789585974517
040 _aCO-BoRNBP
_bspa
_cCO-BoRNBP
_erda
041 _aspa
043 _aMexico
_bS-Mexico---
082 _a863.5 G17p
100 _aGacía Esperón, María
_d1964 -
245 1 _aLa Piyama Mágica/
_cMaría García Esperón; Ilustraciones, María Fernanda Mantilla; Diagramación, Julio Higuera
250 _aprimera edición
264 4 _aBogotá
_c©2020
_bAvión de papel S.A.S.
300 _a71 páginas
_bilustraciones a color
_c21 cm.
336 _2rdacontent
_atexto
_btxt
337 _2rdamedia
_asin mediación
_bn
338 _2rdacarrier
_avolumen
_bnc
650 1 7 _2LEMB
_aLiteratura Infantíl
_92746
650 1 7 _2LEMB
_aCuento infantil
_916411
942 _2ddc
_cBKINF
999 _c38176
_d38176